Answers Start With L - Statistics

General Stats
  • This quiz has been taken 110 times
  • The average score is 14 of 16
Answer Stats
Hint Answer % Correct
Better ____ than never Late
99%
Place where books can be borrowed Library
99%
Sour yellow fruit Lemon
98%
Baby sheep Lamb
97%
This changes color in the fall Leaf
96%
Opposite of most Least
96%
The City of Angels Los Angeles
96%
Movie: ____ and the Tramp Lady
95%
English, Dutch, French, etc. Language
93%
Four letter country Laos
93%
Five letter African country Libya
91%
US State Louisiana
91%
Rapper Kendrick ______ Lamar
90%
Alpha, Beta, Sigma, etc. Letter
72%
Hometown of the NFL team the Raiders Las Vegas
61%
Tall and thin Lanky
59%
No matching quizzes found
Score Distribution
Percent of People with Each Score
Percentile by Number Answered
Your Score History
You have not taken this quiz